Score 0/20 Timer 01:30
0 Plays Today
% Correct
Cauldron
86.4%
Faces
85.7%
Keeper
81.5%
Head
80.8%
Erised
78.7%
Flaw
77.8%
Heir
77.5%
Ancient
75.8%
Rogue
74.9%
Mayhem
74.7%
% Correct
Liberation
72.4%
Parting
71.2%
Departing
67.3%
Murmurs
67.1%
Shell
65.5%
End
64.9%
Grim
64%
White
60%
Memory
58.5%
Beetle
52.3%

Today's Daily Dose

Remove Ads.
Support Sporcle.
Get the best of Sporcle when you Go Orange. This ad-free experience offers more features, more stats, and more fun while also helping to support Sporcle. Thank you for becoming a member.

You're not logged in!

Compare scores with friends on all Sporcle quizzes.
OR
Log In

Show Comments

Extras

Top Quizzes Today


Score Distribution

Your Account Isn't Verified!

In order to create a playlist on Sporcle, you need to verify the email address you used during registration. Go to your Sporcle Settings to finish the process.

Report this User

Report this user for behavior that violates our Community Guidelines.

Details: